Players who have or currently play for the Minnesota Vikings - Statistics

General Stats
  • This quiz has been taken 36 times
    9 since last reset
  • The average score is 10 of 14
Answers on the Grid
Answers color-coded by a green-red scale on the quiz's grid according to % correct below.
Kirk Cousins
Hercshell Walker
Joe Montana
Greg Jennigs
Aaron Rodgers
Brett Favre
Archie Manning
Henry Byrd
Patrick Peterson
Irv Smith Jr
Mike Gesiki
Za'Darius Smith
Will Fries
Logan Thomas
Gary Zimmerman
MyCole Pruitt
Dakota Dozier
David Njoku
Emitt Smith
Thaddeus Moss
Kadarius Toney
Noah Gray
Cam Akers
 
Answer Stats
Answer % Correct
Brett Favre
100%
Cam Akers
100%
Hercshell Walker
100%
Kirk Cousins
100%
Will Fries
100%
Dakota Dozier
80%
Patrick Peterson
80%
Greg Jennigs
60%
Irv Smith Jr
60%
Za'Darius Smith
60%
Gary Zimmerman
40%
MyCole Pruitt
40%
Archie Manning
20%
Henry Byrd
20%
No matching quizzes found
Score Distribution
Percent of People with Each Score
Percentile by Number Answered
Your Score History
You have not taken this quiz since the last reset